Lysiae orationes selectae
Αποθηκεύτηκε σε:
| Κύριος συγγραφέας: | |
|---|---|
| Άλλοι συγγραφείς: | |
| Μορφή: | Βιβλίο |
| Γλώσσα: | Ancient Greek Latin |
| Δημοσίευση: |
Gothae :
Sumtibus Fridericae Hennings,
1845.
|
| Θέματα: | |
| Ετικέτες: |
Προσθήκη ετικέτας
Δεν υπάρχουν, Καταχωρήστε ετικέτα πρώτοι!
|
MARC
| LEADER | 00000cam a2200000 i 4500 | ||
|---|---|---|---|
| 001 | 1/68528 | ||
| 008 | 150309s1845 gr | ||| |||| ||grc|| | ||
| 035 | |l 10121374 | ||
| 040 | |a GR-MyUA |b gre |e AACR2 | ||
| 041 | 0 | |a grc |h lat | |
| 082 | 0 | |a 885.5 |2 (23) | |
| 100 | 0 | |a Λυσίας, |d π. 450-π. 370. | |
| 245 | 1 | 0 | |a Lysiae orationes selectae / |c commentariis in usum scholarum instructae a Io. Henr. Bremi. |
| 260 | |a Gothae : |b Sumtibus Fridericae Hennings, |c 1845. | ||
| 300 | |a 2τ. σε 1, (xxiv, 272 σ., lxxxiii, 395 σ.) ; |c 22 εκ. | ||
| 500 | |a Στο verso υπάρχει ετικέτα "Τη Πορφυριάδι των Καρλοβασίων Σχολή, Κωνσταντίνος Κ. Νικολάου". Στη σ. τ. αρ. 263. | ||
| 600 | 0 | 0 | |a Λυσίας, |d π. 450-π. 370. |
| 650 | 0 | 0 | |a Oratory, Ancient. |
| 650 | 0 | 0 | |a Rhetoric, Ancient. |
| 700 | 1 | |a Bremi, Joh. Heinrich |q (Johann Heinrich) |d 1772-1837, |e cmm | |
| 852 | |a INST |b SAMOS |c PORFYRIADA |e 20150309 |h 885.5 ΛΥΣ |p 005300041932 |q 005300041932 |t NOLOAN |y 23 | ||
| 901 | |a BIBL3-2015-1 | ||
| 909 | |a Σ |b 191964 | ||
| 970 | |a ΣΙΤΖΙΜΗ |b ΓΙΑΣΕΜΗ |z 2015/03/09 | ||